Cvičebnice německého jazyka díl I
| Main Author: | |
|---|---|
| Format: | Book |
| Language: | English |
| PhysicalDescription: | 268 s. |
| Published: |
Praha
Stární pedagogické nakladatelství
1962
|
| Edition: | 5. vyd. |
MARC
| LEADER | 00000nam a2200000 a 4500 | ||
|---|---|---|---|
| 001 | vtls008293825 | ||
| 003 | SK-MaSNL | ||
| 005 | 20260301223011.0 | ||
| 008 | 240318 000 0 eng | ||
| 040 | |a SNK |b slo |c SNK |e AACR2 | ||
| 100 | 1 | |a Sommerová, Jana |4 aut |9 285692 | |
| 245 | 1 | 0 | |a Cvičebnice německého jazyka |n díl I |
| 250 | |a 5. vyd. | ||
| 260 | |a Praha |b Stární pedagogické nakladatelství |c 1962 | ||
| 300 | |a 268 s. | ||
| 999 | |c 941813 |d 943743 | ||
| 952 | |a SNK |b SNK |y VYP |7 0 |p 17A0481346 |o snkSC 17787/1 D1 |i snkKIP 5412/63 |3 Rekatalogizácia |0 0 |1 0 |4 0 |d 2005-08-10 |l 0 |r 2026-02-24 09:21:57 |w 2026-02-24 | ||


